000 005580000a22001810004500
003 MACL
005 20160417135817.0
008 160417b xxu||||| |||| 00| 0 eng d
040 _aMACL
_cMACL
041 _aHindi
082 _a520
100 _aविवेकानन्‍द स्‍वामी
_936998
245 _aब्रहम्‍ण्‍ड विज्ञान
260 _bप्रतिमा प्रकाशन
_c2004
_aनई दिल्‍ली
350 _a300
650 _aAstronomy
_952654
942 _cHIN
_k520
_2ddc
999 _c12778
_d12778